000
00328nam a22001337a 4500
008
170925b xxu||||| |||| 00| 0 eng d
020
_a
9781457690532
041
_a
eng
080
_2
11 ED
_a
37
100
_a
46
101
_a
EDU
245
_a
YOUR COLLEGE EXPERIENCE STRATEGIES FOR SUCCESS
_c
SMITH.J
942
_2
udc
_c
BK
999
_c
29730
_d
29730